000 00472nam a22001697a 4500
003 BD-ChCU
005 20251124092542.0
008 251124b bg ||||| |||| 00| 0 ben d
040 _cBD-ChCU
082 _a192 SOH
100 _aSorley , W.R.
_916706
245 _aA history of British philosophy to 1900./
_cW.R. Sorley.
260 _aLondon :
_bCambridge Univ. press ,
_cC 1965
300 _axx , 386p
650 0 _aphilosophy , British.
_916709
942 _2ddc
_cBK
_n0
999 _c109732
_d109732